Japan from the source : (Record no. 3060)

MARC details
000 -LEADER
fixed length control field 00683nam a22002057a 4500
003 - CONTROL NUMBER IDENTIFIER
control field OSt
005 - DATE AND TIME OF LATEST TRANSACTION
control field 20250815071009.0
008 - FIXED-LENGTH DATA ELEMENTS--GENERAL INFORMATION
fixed length control field 240816b |||||||| |||| 00| 0 eng d
020 ## - INTERNATIONAL STANDARD BOOK NUMBER
International Standard Book Number 9781760342982
040 ## - CATALOGING SOURCE
Original cataloging agency OC
Transcribing agency DWCL-Main Lib.
082 ## - DEWEY DECIMAL CLASSIFICATION NUMBER
Classification number Circ. 641.5952 H678j 2016
100 ## - MAIN ENTRY--PERSONAL NAME
Personal name Ho, Tienlon
245 ## - TITLE STATEMENT
Title Japan from the source :
Remainder of title authentic recipes from the people that know them best/
Statement of responsibility, etc. Tienlon Ho
260 ## - PUBLICATION, DISTRIBUTION, ETC.
Place of publication, distribution, etc. China :
Name of publisher, distributor, etc. Lonely Planet Food,
Date of publication, distribution, etc. c2016.
300 ## - PHYSICAL DESCRIPTION
Extent 272 pages :
Other physical details color illustrations ;
Dimensions 24cm.
500 ## - GENERAL NOTE
General note Includes index and bibliographical reference.
650 ## - SUBJECT ADDED ENTRY--TOPICAL TERM
Topical term or geographic name entry element 1. Cookbooks.
650 ## - SUBJECT ADDED ENTRY--TOPICAL TERM
Topical term or geographic name entry element 2. Cooking --- Japanese.
942 ## - ADDED ENTRY ELEMENTS (KOHA)
Source of classification or shelving scheme Dewey Decimal Classification
Koha item type Book Circulation
Call number prefix Circ.
Suppress in OPAC No
952 ## - LOCATION AND ITEM INFORMATION (KOHA)
--
Holdings
Withdrawn status Lost status Source of classification or shelving scheme Damaged status Not for loan Home library Current library Shelving location Date acquired Source of acquisition Total Checkouts Full call number Barcode Date last seen Copy number Price effective from Koha item type Uniform Resource Identifier
    Dewey Decimal Classification     HM & Nursing Library HM & Nursing Library Circulation 09/26/2023 Donation   Circ. 641.5952 H678j 2016 HNL53923 08/16/2024 c1 08/16/2024 BK-CIRC